000 00507nam a2200169 a 4500
005 20210219152716.0
008 991125n dis 000 0 spa u
035 _aUPN01000059361
049 _aAcervo histórico
245 0 _aANALES DE HIGIENE ESCOLAR
260 _aDistrito Federal, México :
_bOrgano del Servicio Higiénico del Ramo de Instrucción Pública
310 _aSemestral
362 _a1911-12 1 (jul.-jun.)
362 _a1912-13 2 (jul.-jun.)
904 _aAC
_b000093
905 _aRevista
999 _c59353
_d59353